000
00267nam a22001097a 4500
008
231217b |||||||| |||| 00| 0 eng d
100
_a
Oak, P.N
_9
7427
245
_a
Bharat mein muslim sultan
260
_a
Delhi,
_b
Surya Prakash:
_c
1964.
300
_a
413p
942
_c
BK
999
_c
40457
_d
40457